Conjuración de Catilina / (Record no. 186415)

MARC details
000 -LEADER
campo de control de longitud fija 01043nam a2200265 i 4500
001 - NÚMERO DE CONTROL
campo de control 186415
003 - IDENTIFICADOR DE NÚMERO DE CONTROL
campo de control SpMaBN
005 - FECHA Y HORA DE LA ÚLTIMA TRANSACCIÓN
campo de control 20250816063152.0
008 - DATOS DE LONGITUD FIJA--INFORMACIÓN GENERAL
campo de control de longitud fija 161108s1974 sp |||| |dlat d
020 ## - NÚMERO INTERNACIONAL ESTÁNDAR DEL LIBRO
Número Internacional Estándar del Libro 84-7162-635-7
080 ## - NÚMERO DE LA CLASIFICACIÓN DECIMAL UNIVERSAL
Número de la Clasificación Decimal Universal 94(37)"-0065/-0062"
100 1# - ENTRADA PRINCIPAL--NOMBRE DE PERSONA
Nombre de persona Salustio Crispo, Cayo,
Fechas asociadas al nombre 86 a.C.-34 a.C.
9 (RLIN) 102051
245 10 - MENCIÓN DEL TÍTULO
Título Conjuración de Catilina /
Mención de responsabilidad, etc. C. Salustio Crispo ; texto, traducción, ordenación directa y versión interlineal por José-Ignacio Ciruelo.
246 3# - FORMA VARIANTE DEL TITULO
Título propio/Titulo breve De coniuratione Catilinae
260 ## - PUBLICACIÓN, DISTRIBUCIÓN, ETC.
Lugar de publicación, distribución, etc. Barcelona :
Nombre del editor, distribuidor, etc. Bosch,
Fecha de publicación, distribución, etc. [1974]
300 ## - DESCRIPCIÓN FÍSICA
Extensión 239 p ;
Dimensiones 17 cm.
490 1# - MENCIÓN DE SERIE
Mención de serie Colección de textos clásicos latinos
546 ## - NOTA DE IDIOMA
Nota de lengua/lenguaje Texto en latín y traducción en español.
650 07 - PUNTO DE ACCESO ADICIONAL DE MATERIA--TÉRMINO DE MATERIA
Término de materia o nombre geográfico como elemento de entrada Lengua latina-
Subdivisión de forma Textos.
9 (RLIN) 14307
651 #7 - PUNTO DE ACCESO ADICIONAL DE MATERIA--NOMBRE GEOGRÁFICO
Nombre geográfico Roma-
Subdivisión general Historia-
Subdivisión cronológica 65-62 a.C. Conjuración de Catilina.
9 (RLIN) 159880
700 1# - ENTRADA AGREGADA--NOMBRE PERSONAL
Nombre de persona Ciruelo, José-Ignacio.
9 (RLIN) 38904
830 0# - PUNTO DE ACCESO ADICIONAL DE SERIE-TÍTULO UNIFORME
Título uniforme Colección de textos clásicos latinos
9 (RLIN) 225417
852 ## - LOCALIZACIÓN
Ubicación ES-MaACL
Número de control de estantería L-30776
Nota libre . - Donat. Miguel A. Velasco
Holdings
Estatus retirado Estado de pérdida Estado de daño No para préstamo Biblioteca de origen Biblioteca actual Ubicación en estantería Fecha de adquisición Fuente de adquisición Total de préstamos Signatura topográfica completa Código de barras Visto por última vez Precio de reemplazo Tipo de ítem Koha
        Biblioteca del Ateneo de Madrid Biblioteca del Ateneo de Madrid Depósito 2 08/11/2016     L-30776 1196575 23/02/2023 23/02/2023 Libro impreso